00506nam a2200145 i 450000100060000000300090000600500170001500700030003200800410003510000300007624501330010626000450023930000210028485200550030599377ES-MaACL20230906182504.0t|050907s1916 sp ||||1| spa d1 aMartín-Granizo, León.10aMis viajes por España b: conferencia leída en el Ateneo de Valladolid el 17 de Febrero de 1916 / cLeón Martín-Granizo. aValladolid : bViuda de Montero, c1916. a48 p. ; c22 cm. aES-MaACLj1529-F-14 z.- Dedicatoria ms. del autor